000 00691nam a22002417i 4500
003 DO-SdBNP
005 20250623105751.0
007 ta
008 250523b1996 |||||||| |||| 00| 0 spa d
040 _aDO-SdBNP
_bspa
_cBNPHU
_erda
041 _hspa
082 _axxx
_bR426L
_222
110 _aRepública Dominicana.
_b[Leyes, etc.]
_9607
245 1 _aLey no. 16-95 sobre inversión extranjera
264 _aSanto Domingo :
_b[Editora no identificada]
_c1996
300 _a12 páginas ;
_c27 cm
336 _ardacontent
_btexto
_2txt
337 _ardamedia
_bsin mediación
_2n
338 _ardacarrier
_bvolumen
_2nc
590 _aInventariado, 2025/DG
910 _aDG
942 _2ddc
_cLF2
999 _c59359
_d59359